Pokémon - Les attaques de Branette - Statistiques

Statistiques générales
  • Ce quiz a été pris 22 fois
  • Le résultat moyen est 13 sur 16
Statistiques - réponses
Niveaux Types Noms des attaques % Correct
Niveau 30 Spectre Ball'Ombre
100%
Niveau 22 Spectre Châtiment
100%
Niveau 16 Feu Feu Follet
100%
Niveau 26 Spectre Malédiction
100%
Départ Ténèbres Sabotage
100%
Niveau 40 Ténèbres Coup Bas
90%
Départ Niveau 10 Spectre Dépit
90%
Départ Niveau 7 Spectre Ombre Nocturne
90%
Niveau 13 Spectre Ombre Portée
90%
Départ Niveau 64 Spectre Hantise
80%
Niveau 52 Spectre Rancune
70%
Niveau 19 Ténèbres Feinte
60%
Niveau 34 Ténèbres Embargo
50%
Niveau 46 Ténèbres Saisie
50%
Départ Niveau 4 Normal Grincement
40%
Niveau 58 Psy Tourmagik
40%
Aucun quiz correspondant
Distribution des résultats
% des personnes avec chaque résultat
Percentile par nombre de réponses
Votre historique - résultats
Vous n’avez pas pris ce quiz